| 000 | 00500nam a22001577a 4500 | ||
|---|---|---|---|
| 999 |
_c12338 _d12338 |
||
| 008 | 160803b xxu||||| |||| 00| 0 eng d | ||
| 020 | _a0412384000 | ||
| 050 | _aTN 690.P67 1981 | ||
| 100 | _aPorter, David A. | ||
| 245 |
_aPhase transformations in metals and alloys / _cDavid A. Porter & Kenneth E. Easterling. |
||
| 260 |
_aLondon: _bChapman and hall, _c1981. |
||
| 300 |
_axii, 446 p. : _bill.; |
||
| 504 | _aIncludes index. | ||
| 650 | _aPhysical metallurgy. | ||
| 650 | _aphase rule and equilibrium. | ||
| 700 | _aEasterling, Kenneth E. | ||
| 942 |
_2lcc _cBOOKS _hTN 690.P67 1981 |
||